| 000 | 00613nam a22001937a 4500 | ||
|---|---|---|---|
| 005 | 20180413124419.0 | ||
| 010 | _aENG-122623 | ||
| 020 |
_c950.00 _a9789352806119 |
||
| 035 | _aEN-106155 | ||
| 037 | _bDBAD/PUB | ||
| 082 | _a371.94 | ||
| 100 | _aKukoff,Zak | ||
| 245 |
_aThe autism ambassadors handbook / _cby Zak Kukoff |
||
| 260 |
_c2018 _aNew Delhi _bSage Publications India Pvt.Ltd. |
||
| 270 |
_aB1/1-1 Mohan Cooperative Industrial Area,Mathura Road, _bNew Delhi _e110044 _mwww.sagepub.in |
||
| 300 |
_c24cm(pbk) _a212P. |
||
| 500 | _aIr indues index | ||
| 942 |
_cEN _2ddc _mKUK _h371.94 |
||
| 999 |
_c151181 _d151181 |
||